Development performance investigation and optimization of solar water heater hybridized with conventional fuel / (Record no. 601688)
[ view plain ]
| 000 -LEADER | |
|---|---|
| fixed length control field | 00544nam a2200157Ia 4500 |
| 008 - FIXED-LENGTH DATA ELEMENTS--GENERAL INFORMATION | |
| fixed length control field | 230907s9999||||xx |||||||||||||| ||und|| |
| 082 ## - DEWEY DECIMAL CLASSIFICATION NUMBER | |
| Classification number | 696.6 |
| Author Mark | AAM |
| 100 ## - MAIN ENTRY--PERSONAL NAME | |
| Personal name | Aamir Mehmood (NUST201260714MCES64112F) |
| 9 (RLIN) | 116277 |
| 245 #0 - TITLE STATEMENT | |
| Title | Development performance investigation and optimization of solar water heater hybridized with conventional fuel / |
| 260 ## - PUBLICATION, DISTRIBUTION, ETC. | |
| Place of publication, distribution, etc. | USPCAS-E, NUST, |
| Name of publisher, distributor, etc. | Islamabad : |
| Date of publication, distribution, etc. | 2014 |
| 300 ## - PHYSICAL DESCRIPTION | |
| Extent | xiv, 114 p. : |
| 520 ## - SUMMARY, ETC. | |
| Summary, etc. | TH-9 |
| 650 ## - SUBJECT ADDED ENTRY--TOPICAL TERM | |
| Topical term or geographic name entry element | MS-ESE Thesis MS Thesis |
| 9 (RLIN) | 116278 |
| 700 ## - ADDED ENTRY--PERSONAL NAME | |
| Personal name | Dr. Adeel Waqas |
| 9 (RLIN) | 28869 |
| 942 ## - ADDED ENTRY ELEMENTS (KOHA) | |
| Koha item type | Thesis |
| Source of classification or shelving scheme | |
| Withdrawn status | Lost status | Source of classification or shelving scheme | Damaged status | Not for loan | Permanent Location | Current Location | Date acquired | Full call number | Barcode | Date last seen | Price effective from | Koha item type |
|---|---|---|---|---|---|---|---|---|---|---|---|---|
| US-Pakistan Center for Advanced Studies in Energy (USPCAS-E) | US-Pakistan Center for Advanced Studies in Energy (USPCAS-E) | 07/24/2019 | 696.6 AAM | CAS-ETH0000009 | 09/12/2023 | 09/12/2023 | Thesis |
